000 00329nam a2200133Ia 4500
008 231129s1984||||xx |||||||||||||| ||spa||
040 _bspa
082 _aCo863 R621g
100 _aRivera José Eustasio
245 0 _aLa Vorágine
260 _c1984
264 _aBogotá Colombia : Cí­rculo de Lectores
942 _2ddc
_cBKS
999 _c18514
_d18514